Gestión de empresas de servicios
Gespeichert in:
| 1. Verfasser: | |
|---|---|
| Format: | Buch |
| Sprache: | Spanisch |
| Veröffentlicht: |
Barcelona
Ediciones Gestión
1993
|
| Ausgabe: | 2a. ed |
| Schriftenreihe: | EADA, 11
|
| Schlagworte: | |
| Tags: |
Tag hinzufügen
Keine Tags, Fügen Sie den ersten Tag hinzu!
|
MARC
| LEADER | 00000cam a2200000 a 4500 | ||
|---|---|---|---|
| 001 | UCD9016 | ||
| 003 | CL-VaPUC | ||
| 008 | 170602e19930000sp |||||||||||||||||spa|d | ||
| 020 | |a 8486582180 | ||
| 082 | 0 | 4 | |a 658.406 |b FLI |2 21 |
| 100 | 0 | |a Flipo, J. P |e author |9 592680 | |
| 245 | 1 | 0 | |a Gestión de empresas de servicios |
| 250 | |a 2a. ed | ||
| 300 | |a 250 p | ||
| 942 | |c BK | ||
| 945 | |d 20170602 23:29:00 |a dcastane | ||
| 260 | |a Barcelona |b Ediciones Gestión |c 1993 | ||
| 650 | 0 | |a Gestión de empresas |9 433832 | |
| 650 | 0 | |a Organizaciones |9 337993 | |
| 650 | 0 | |a Gestión administrativa |9 375217 | |
| 583 | |a last modification |c 20170602 23:29:00 |k Rodrigo Vera | ||
| 490 | 0 | |a EADA, 11 | |
| 999 | |c 368321 |d 368319 | ||